200 chistes de animales para reír sin parar / (Registro nro. 8659)
[ vista simple ]
| 000 -CABECERA | |
|---|---|
| Longitud fija campo de control | 00863nam a2200217 4500 |
| 003 - • IDENTIFICADOR DELl NÚMERO DE CONTROL | |
| Identificador del número de control | CO-ViMGA |
| 020 ## - • NÚMERO INTERNACIONAL NORMALIZADO PARA LIBROS | |
| Número Internacional Normalizado para Libros (ISBN) | 9789581414826 |
| 040 ## - FUENTE DE LA CATALOGACIÓN | |
| Centro catalogador de origen | CO-ViMGA |
| Lengua de catalogación | spa |
| Centro transcriptor | CO-ViMGA |
| 082 04 - • NÚMERO DE LA CLASIFICACIÓN DECIMAL DEWEY | |
| Número de clasificación (R) | 867.709 |
| Número del ítem | D61 |
| 245 10 - • TITULO PROPIAMENTE DICHO | |
| Título | 200 chistes de animales para reír sin parar / |
| Mención de responsabilidad, etc. | compilado por Jorge R, Loretto |
| 250 ## - • MENCIÓN DE EDICIÓN | |
| Mención de edición | Edición especial |
| 300 ## - • DESCRIPCIÓN FÍSICA | |
| Extensión | 128 páginas : |
| Otras características físicas | ilustraciones en blanco y negro : 14 cm. |
| 490 ## - • MENCIÓN DE SERIE | |
| Mención de serie | Plan Nacional de Lectura y Escritura Leer es mi Cuento / Ministerio de Cultura |
| 500 ## - • NOTA GENERAL | |
| Nota general | Recomendado para un público infantil mayor de 6 años |
| 650 14 - • PUNTO DE ACCESO ADICIONAL DE MATERIA - TÉRMINO DE MATERIA | |
| Término de materia o nombre geográfico como elemento inicial | Animales - Anecdotas, Chistes, Satiras, Etc. |
| 650 14 - • PUNTO DE ACCESO ADICIONAL DE MATERIA - TÉRMINO DE MATERIA | |
| Término de materia o nombre geográfico como elemento inicial | Humorismo Infantil Hispanoamericano |
| 650 14 - • PUNTO DE ACCESO ADICIONAL DE MATERIA - TÉRMINO DE MATERIA | |
| Término de materia o nombre geográfico como elemento inicial | Libros Y Lectura Para Niños - Anecdotas, Chistes, Satiras, Etc. |
| 700 1# - • PUNTO DE ACCESO ADICIONAL - NOMBRE DE PERSONA | |
| Nombre de persona | Loretto, Jorge R. |
| 942 ## - ENTRADA DE ELEMENTOS AGREGADOS (KOHA) | |
| Fuente de clasificaión o esquema | Dewey Decimal Classification |
| Koha [por defecto] tipo de item | LIbro |
| Perdido | Fuente de clasificación o esquema | Estado Físico | No para préstamo | Forma de adquisición | Localización permanente | Localización actual | Localización en estanterías | Fecha adquisición | Préstamos totales | Signatura completa | Código de barras | Fecha última consulta | Número de copia | Fecha del precio de reemplazo | Tipo de item de Koha | Renovaciones totales | Fecha último préstamo | Note pública |
|---|---|---|---|---|---|---|---|---|---|---|---|---|---|---|---|---|---|---|
| Dewey Decimal Classification | Infantil | Biblioteca Pública Dorado | Biblioteca Pública Dorado | Sala Infantil | 03/06/2023 | 867.709 D61 | DOR02688 | 03/06/2023 | Ej.1 | 03/06/2023 | Libro Literatura | |||||||
| Dewey Decimal Classification | Colección General | Biblioteca Pública José Eustasio Rivera - San Martin | Biblioteca Pública José Eustasio Rivera - San Martin | Sala Infantil | 11/24/2023 | 867.709 D61 | SM02764 | 11/24/2023 | Ej.1 | 11/24/2023 | Libro Infantil | |||||||
| Dewey Decimal Classification | Sala General | Biblioteca Comunitaria - Villavicencio | Biblioteca Comunitaria - Villavicencio | 02/08/2019 | 867.709 D61 | 32485 | 02/08/2019 | 02/08/2019 | LIbro | |||||||||
| Colección Sala Infantil de Literatura Pocatil y Tilín | Biblioteca Pública Departamental Eduardo Carranza - Villavicencio | Biblioteca Pública Departamental Eduardo Carranza - Villavicencio | Sala Infantil | 11/27/2006 | 867.709 D61 | ECA5907 | 11/26/2024 | Ej.1 | 11/26/2024 | LIbro | 6326 | 8862 | |||||||
| Dewey Decimal Classification | Sala Infantil Segundo Piso | Biblioteca Pública Germán Arciniegas - Villavicencio | Biblioteca Pública Germán Arciniegas - Villavicencio | 02/08/2019 | 2 | 867.709 D61 | 32484 | 05/03/2019 | 02/08/2019 | LIbro | 1 | 05/03/2019 | ||||||
| Dewey Decimal Classification | Infantil | Biblioteca Pública Granada - Boca del Monte | Biblioteca Pública Granada - Boca del Monte | Sala Infantil | 11/03/2022 | D61 | GRA12755 | 11/03/2022 | Ej.1 | 11/03/2022 | Libro Literatura | |||||||
| Dewey Decimal Classification | Infantil | Biblioteca Pública Guamal | Biblioteca Pública Guamal | Sala Infantil | 03/02/2023 | 867.709 D61 | GUA001901 | 03/02/2023 | Ej.1 | 03/02/2023 | Libro Infantil | |||||||
| Dewey Decimal Classification | Infantil | Biblioteca Pública Mapiripan | Biblioteca Pública Mapiripan | Sala Infantil | 01/26/2024 | 867.709 D61 | MAP00003922 | 01/26/2024 | Ej.1 | 01/26/2024 | LIbro | |||||||
| Dewey Decimal Classification | Infantil | Biblioteca Pública Mesetas - Franco lodo Poloxi | Biblioteca Pública Mesetas - Franco lodo Poloxi | Sala Infantil | 08/26/2025 | 867.709 D61 | ME01805 | 05/26/2025 | Ej.1 | 05/26/2025 | LIbro | |||||||
| Dewey Decimal Classification | Infantil | Biblioteca Pública San Juanito - Ernesto Maria Peña Romero | Biblioteca Pública San Juanito - Ernesto Maria Peña Romero | Sala Infantil | 01/10/2025 | 867.709 D61 | SJU01107 | 01/10/2025 | Ej.1 | 01/10/2025 | LIbro |